00299nam a2200133Ia 45000030006000000080041000060400015000471000015000622450019000772600036000963000006001325460010001380050017001480STCL150530s9999 xx 000 0 und d aSTCLcSTCL aMunshi K M aMahabali Bheem bRajkamal Prakashan; Delhic1981 a0 aHindi20220125171225.0